000 00677nam a2200181 i 4500
001 59008
003 ES-MaACL
005 20230906163936.0
007 t|
008 031027s1956 sp ||||1| spa d
100 1 _aEhalt, Walter.
_946776
245 1 0 _aTraumatología en Roentgenogramas /
_cpor Walther Ehalt ; con un prólogo de Lorenz Böhler ; traducción de la segunda edición alemana por Francisco Jimeno Vidal.
260 _aBarcelona :
_bLabor,
_c1956 (
_fTalls. Gráf. Ibero-Americanos)
300 _aXIX, 646 p., 10 lám. :
_bil. ;
_c25 cm.
700 1 _aBoehler, Lorenz.
_929730
700 1 _aJimeno Vidal, Francisco.
_966661
852 _aES-MaACL
_jC-9857
_bR.38511
999 _c59008
_d59008